| 000 | 00573nam a2200181 u 4500 | ||
|---|---|---|---|
| 001 | 000628438 | ||
| 003 | AM-YeHGA | ||
| 005 | 20250617140339.0 | ||
| 008 | 090202s1961 ||| r 000 0 rus d | ||
| 040 | _aAM-YeHGA | ||
| 041 | 0 | _arus | |
| 100 | 1 | _aТендряков, Владимир Федорович. | |
| 245 | 1 | 0 |
_aСуд : _bПовесть / _cВладимир Тендряков. |
| 260 |
_aМосква : _bСов. писатель, _c1961. |
||
| 300 |
_a114 с. : _bил. |
||
| 653 | 0 | _aРусская советская литература | |
| 090 | _c219800 | ||
| 999 |
_c218272 _d218272 |
||